000 00479nam a2200181Ia 4500
008 180921t1999 xxu||||| |||| 00| 0 sin d
041 _asin
080 _a681.31
_bNAN
100 _aNanayakkara, Nanda Dharmapala
245 _aපරිගණක ඉතිහාසය
246 _aPariganaka ithihaasaya
260 _bS. Godage
_aColombo
_c1999
300 _a83p., 22 cm
650 _aComputer
942 _cBK
999 _c14256
_d14256
003 LK-CoDNM
040 _aLK-CoDNM
_dLK-CoDNM
_eLK-CoDNM